[Event "Krakow op-B 29th"]
[Site "Krakow"]
[Date "2018.12.29"]
[Round "3"]
[White "Czechowski, Jakub"]
[Black "Marzec, Karol"]
[Result "1-0"]
[WhiteElo "1840"]
[BlackElo "1996"]
[PlyCount "127"]
[EventDate "2018.12.27"]
[EventType "swiss"]
[EventRounds "9"]
[EventCountry "POL"]
[SourceTitle "CBM 189 Extra"]
[Source "ChessBase"]
[SourceDate "2019.06.03"]
[SourceVersion "1"]
[SourceVersionDate "2019.06.03"]
[SourceQuality "1"]

1. d4 Nf6 2. c4 g6 3. Nc3 d6 4. e4 Bg7 5. f3 0-0 6. Be3 Nc6 7. Nge2 Rb8 8. a4 a5 9. Qd2 b6 10. Nb5 Nb4 11. Nc1 c6 12. Nc3 Ba6 13. Nd3 c5 14. Nxb4 axb4 15. Nb5 Bxb5 16. cxb5 Nd7 17. Be2 Qc7 18. 0-0 cxd4 19. Bxd4 Bxd4+ 20. Qxd4 Qc5 21. Qxc5 Nxc5 22. Bc4 b3 23. Ra3 Rfc8 24. Bxb3 Nxb3 25. Rxb3 Rc2 26. h3 Kf8 27. Rf2 Rc1+ 28. Kh2 Ke8 29. Rd2 Ra1 30. Rb4 Ra2 31. Rc2 Kd7 32. Rbc4 Rb7 33. Kg3 h6 34. Kf2 Ra1 35. Ke3 Re1+ 36. Kd3 Rg1 37. b3 Rb1 38. Kc3 Rc7 39. Kb4 Rc5 40. Ka3 Ra1+ 41. Kb2 Rg1 42. b4 Rxc4 43. Rxc4 Rxg2+ 44. Kb3 Rf2 45. Rc3 f5 46. exf5 gxf5 47. a5 bxa5 48. bxa5 Rf1 49. b6 Rb1+ 50. Ka4 e5 51. Rc7+ Kd8 52. Rh7 e4 53. fxe4 fxe4 54. Rxh6 Kd7 55. Rh7+ Ke6 56. Rh8 Kd7 57. b7 Kc7 58. b8Q+ Rxb8 59. Rxb8 Kxb8 60. Kb3 Ka7 61. h4 e3 62. Kc3 d5 63. h5 d4+ 64. Kd3 1-0

[Event "Krakow op-B 28th"]
[Site "Krakow"]
[Date "2018.01.02"]
[Round "7"]
[White "Mirski, Michal"]
[Black "Marzec, Karol"]
[Result "1-0"]
[WhiteElo "1973"]
[BlackElo "2014"]
[PlyCount "141"]
[EventDate "2017.12.27"]
[EventType "swiss"]
[EventRounds "9"]
[EventCountry "POL"]
[SourceTitle "CBM 182 Extra"]
[Source "ChessBase"]
[SourceDate "2018.02.23"]
[SourceVersion "1"]
[SourceVersionDate "2018.02.23"]
[SourceQuality "1"]

1. e4 d6 2. d4 Nf6 3. Nc3 g6 4. Be3 Bg7 5. Qd2 Ng4 6. Bg5 h6 7. Bh4 Nc6 8. f3 Nf6 9. 0-0-0 0-0 10. g4 Nd7 11. Nge2 Nb4 12. Bf2 Na6 13. Be3 Kh7 14. h4 c5 15. h5 g5 16. Rg1 b5 17. Nxb5 Rb8 18. Nec3 Qa5 19. a3 Nc7 20. Nxc7 Qxc7 21. Nd5 Qb7 22. b3 cxd4 23. Bxd4 Ne5 24. Be2 Be6 25. Bb2 Rfc8 26. Kb1 Rc4 27. Rc1 Rc5 28. Nb4 a5 29. Na2 Bxb3 30. cxb3 Nxf3 31. Bxf3 Qxb3 32. Rxc5 Qxb2+ 33. Qxb2 Rxb2+ 34. Kc1 dxc5 35. Rg2 Rb3 36. Bd1 Rxa3 37. Kb1 Bd4 38. Nc1 Ra1+ 39. Kc2 Be3 40. Ne2 Ra2+ 41. Kd3 Ra3+ 42. Kc4 Ra1 43. Bc2 a4 44. Nc3 a3 45. Bb3 Bd4 46. Nb5 Bg1 47. Nxa3 Re1 48. Bc2 Kg7 49. Nb5 e6 50. Nd6 Kf6 51. Rg3 Ke7 52. Nb7 Rc1 53. Rg2 Kf6 54. Nxc5 Bxc5 55. Kxc5 Ke5 56. Rf2 f6 57. Rg2 Ra1 58. Kc6 Kf4 59. Kd6 Ra6+ 60. Ke7 Kf3 61. Rg1 Kf2 62. Rf1+ Kg3 63. Rxf6 Rc6 64. Bb3 Kxg4 65. Bxe6+ Kh4 66. Rxh6 g4 67. Rh8 Rc7+ 68. Kf6 Rc3 69. h6 Rf3+ 70. Ke5 Kh5 71. Bxg4+ 1-0

[Event "Krakow op-B 28th"]
[Site "Krakow"]
[Date "2017.12.31"]
[Round "6"]
[White "Marzec, Karol"]
[Black "Mielczarek, Daniel"]
[Result "1/2-1/2"]
[WhiteElo "2014"]
[BlackElo "1900"]
[PlyCount "63"]
[EventDate "2017.12.27"]
[EventType "swiss"]
[EventRounds "9"]
[EventCountry "POL"]
[SourceTitle "CBM 182 Extra"]
[Source "ChessBase"]
[SourceDate "2018.02.23"]
[SourceVersion "1"]
[SourceVersionDate "2018.02.23"]
[SourceQuality "1"]

1. e4 c6 2. d4 d5 3. exd5 cxd5 4. c4 Nf6 5. Nc3 e6 6. Nf3 Be7 7. Bd3 0-0 8. 0-0 b6 9. cxd5 Nxd5 10. Nxd5 exd5 11. Ne5 Bf6 12. Re1 Bd7 13. Qf3 Be6 14. Bd2 Bxe5 15. dxe5 Nc6 16. Qh5 g6 17. Qh6 f5 18. Bg5 Qd7 19. Bf6 Qf7 20. a3 Rac8 21. Re3 Nb8 22. Qf4 Nd7 23. Bg5 h5 24. Rg3 Kh7 25. Re1 Nc5 26. b4 Nxd3 27. Rxd3 Rc4 28. Rd4 Rfc8 29. Red1 Qc7 30. h3 Rxd4 31. Rxd4 Qc3 32. Qe3 1/2-1/2

[Event "Krakow op-B 28th"]
[Site "Krakow"]
[Date "2017.12.28"]
[Round "2"]
[White "Marzec, Karol"]
[Black "Dryja, Szymon"]
[Result "1/2-1/2"]
[WhiteElo "2014"]
[BlackElo "1861"]
[PlyCount "95"]
[EventDate "2017.12.27"]
[EventType "swiss"]
[EventRounds "9"]
[EventCountry "POL"]
[SourceTitle "CBM 182 Extra"]
[Source "ChessBase"]
[SourceDate "2018.02.23"]
[SourceVersion "1"]
[SourceVersionDate "2018.02.23"]
[SourceQuality "1"]

1. e4 c5 2. Nf3 d6 3. d4 cxd4 4. Nxd4 Nf6 5. Nc3 a6 6. Bc4 e6 7. 0-0 Be7 8. Be3 0-0 9. f3 Nc6 10. a4 Qc7 11. Nxc6 bxc6 12. a5 d5 13. Bb6 Qf4 14. Ne2 Qb8 15. Bd3 Bd6 16. h3 Nd7 17. Be3 Qxb2 18. Rb1 Qf6 19. f4 Bc5 20. Bxc5 Nxc5 21. e5 Qe7 22. Nd4 Nxd3 23. Qxd3 c5 24. Nf3 Bd7 25. Rb7 Qd8 26. Ng5 g6 27. Qa3 h6 28. Nf3 Bb5 29. Rb1 Qc8 30. Rb6 Qc7 31. Qe3 Kh7 32. g4 Rab8 33. Rxb8 Rxb8 34. Qc3 Bc4 35. Rxb8 Qxb8 36. Nd2 Qb4 37. Qxb4 cxb4 38. Kf2 Bb5 39. Nf3 Kg7 40. Nd4 Ba4 41. g5 hxg5 42. fxg5 Kf8 43. Ke3 Ke8 44. h4 Kd7 45. Kd2 Kc7 46. Kc1 Kb8 47. Kd2 Kc7 48. Kc1 1/2-1/2

[Event "Krakow op-B 27th"]
[Site "Krakow"]
[Date "2016.12.30"]
[Round "5"]
[White "Marzec, Karol"]
[Black "Swiech, Joanna"]
[Result "1-0"]
[WhiteElo "2038"]
[BlackElo "1897"]
[PlyCount "75"]
[EventDate "2016.12.27"]
[EventType "swiss"]
[EventRounds "9"]
[EventCountry "POL"]
[SourceTitle "CBM 176 Extra"]
[Source "ChessBase"]
[SourceDate "2017.03.02"]
[SourceVersion "1"]
[SourceVersionDate "2017.03.02"]
[SourceQuality "1"]

1. e4 d5 2. exd5 Qxd5 3. Nc3 Qa5 4. d4 Nf6 5. Nf3 Bf5 6. Bd3 Bxd3 7. Qxd3 e6 8. Qb5+ Qxb5 9. Nxb5 Bd6 10. Nxd6+ cxd6 11. Bf4 Ke7 12. 0-0 Nbd7 13. c4 Rac8 14. Rac1 h6 15. h3 Rhd8 16. b4 a6 17. c5 d5 18. a4 Ne4 19. b5 axb5 20. axb5 f6 21. Ra1 e5 22. dxe5 Rxc5 23. exf6+ Nexf6 24. b6 Rb5 25. Ra7 Nc5 26. Nd4 Rxb6 27. Bc7 Rb4 28. Nf5+ Kd7 29. Bxd8 Kxd8 30. Nxg7 Nfe4 31. Nf5 d4 32. Rd1 d3 33. Ra3 Rb2 34. Raxd3+ Nxd3 35. Rxd3+ Kc7 36. f3 Nf6 37. Nxh6 b5 38. g4 1-0

[Event "Gonzaga Masters"]
[Site "Dublin"]
[Date "2016.01.23"]
[Round "3"]
[White "Marzec, Karol"]
[Black "Reynolds, Pat"]
[Result "1/2-1/2"]
[WhiteElo "2005"]
[BlackElo "1932"]
[PlyCount "93"]
[EventDate "2016.01.22"]
[EventType "swiss"]
[EventRounds "5"]
[EventCountry "IRL"]
[SourceTitle "EXT 2023"]
[Source "ChessBase"]
[SourceDate "2022.10.05"]
[SourceVersion "1"]
[SourceVersionDate "2022.10.05"]
[SourceQuality "1"]

1. e4 c5 2. Nf3 Nc6 3. d4 cxd4 4. Nxd4 e6 5. a3 Nf6 6. Nc3 a6 7. Be2 Qc7 8. 0-0 Be7 9. Be3 0-0 10. f4 d6 11. Nb3 b5 12. Kh1 Bb7 13. Bf3 Rfd8 14. Qd2 Rac8 15. Qf2 Nd7 16. g4 b4 17. axb4 Nxb4 18. Na5 Ba8 19. Ra4 d5 20. e5 Nc5 21. Rxb4 Qxa5 22. Rd4 Rb8 23. Bc1 Ne4 24. Nxe4 dxe4 25. Bxe4 Bxe4+ 26. Rxe4 Qd5 27. Qg2 f5 28. gxf5 exf5 29. Re2 a5 30. Qxd5+ Rxd5 31. b3 Rbd8 32. Kg2 Bb4 33. Bb2 Kf7 34. Rf3 Ke6 35. Rg3 Rd2 36. Rxd2 Rxd2+ 37. Kh3 Rxc2 38. Bd4 g6 39. Rd3 Bd2 40. Kg3 Be1+ 41. Kh3 Bd2 42. Be3 Bb4 43. Ba7 Re2 44. Bb8 Bd2 45. Rf3 Re4 46. Kg3 Be1+ 47. Kh3 1/2-1/2

[Event "Gonzaga Masters"]
[Site "Dublin"]
[Date "2016.01.22"]
[Round "1"]
[White "Marzec, Karol"]
[Black "Beatty, Ross"]
[Result "1-0"]
[WhiteElo "2005"]
[BlackElo "1737"]
[PlyCount "103"]
[EventDate "2016.01.22"]
[EventType "swiss"]
[EventRounds "5"]
[EventCountry "IRL"]
[SourceTitle "EXT 2023"]
[Source "ChessBase"]
[SourceDate "2022.10.05"]
[SourceVersion "1"]
[SourceVersionDate "2022.10.05"]
[SourceQuality "1"]

1. e4 e6 2. d4 d5 3. Nc3 dxe4 4. Nxe4 Nd7 5. Nf3 Ngf6 6. Bd3 b6 7. 0-0 Bb7 8. Qe2 Be7 9. Ne5 c5 10. Ng5 Nxe5 11. dxe5 Qd5 12. f3 Nd7 13. Re1 Qd4+ 14. Kh1 Rd8 15. Nh3 Bh4 16. c3 Qxe5 17. Qxe5 Nxe5 18. Bb5+ Nc6 19. g3 Be7 20. Kg1 a6 21. Ba4 b5 22. Bc2 0-0 23. Ng5 h6 24. Ne4 Ne5 25. Kf2 Nd3+ 26. Bxd3 Rxd3 27. Be3 Rfd8 28. Bxc5 Bxe4 29. Bxe7 Rxf3+ 30. Kg1 Rd7 31. Rxe4 Rxe7 32. Rd1 Rf5 33. Rd6 Ra7 34. a4 Kf8 35. a5 Ke7 36. Red4 e5 37. R4d5 e4 38. Rxa6 Rxd5 39. Rxa7+ Rd7 40. Rxd7+ Kxd7 41. g4 g6 42. h4 f5 43. h5 gxh5 44. gxf5 e3 45. a6 Kc7 46. f6 h4 47. f7 e2 48. Kf2 h3 49. f8Q h2 50. Qc5+ Kd7 51. Qxb5+ Kd8 52. Qb6+ 1-0